[Event "Liege Soultanbeieff op"]
[Site "Liege"]
[Date "2012.02.03"]
[Round "2"]
[White "Hardy, Roger"]
[Black "De Vettor, Marc"]
[Result "0-1"]
[WhiteElo "1301"]
[BlackElo "1765"]
[PlyCount "104"]
[EventDate "2012.01.27"]
[EventType "swiss"]
[EventRounds "9"]
[EventCountry "BEL"]
[SourceTitle "EXT 2013"]
[Source "ChessBase"]
[SourceDate "2012.11.22"]
[SourceVersion "1"]
[SourceVersionDate "2012.11.22"]
[SourceQuality "1"]

1. e4 Nf6 2. e5 Nd5 3. c4 Nb6 4. d4 d6 5. Nf3 Bg4 6. exd6 cxd6 7. Be2 Nc6 8. d5 Bxf3 9. Bxf3 Ne5 10. b3 g6 11. 0-0 Bg7 12. Nc3 Nexc4 13. bxc4 Bxc3 14. Rb1 Qc7 15. Bb2 Bxb2 16. Rxb2 Qxc4 17. Rc2 Qa4 18. Re1 0-0 19. h3 Qd7 20. Qc1 Rac8 21. Bg4 f5 22. Bf3 Rxc2 23. Qxc2 Rc8 24. Qd1 Rc7 25. Qd3 Nc4 26. Qe2 Ne5 27. g4 fxg4 28. hxg4 Kf7 29. Kg2 Rc3 30. Be4 Qxg4+ 31. Qxg4 Nxg4 32. Rh1 Nf6 33. Bf3 Rd3 34. Rh4 Rd2 35. a4 h5 36. Rb4 b6 37. Rc4 Nxd5 38. Bxd5+ Rxd5 39. f4 Rc5 40. Rb4 d5 41. Rd4 Kf6 42. Kg3 e5 43. fxe5+ Kxe5 44. Rd1 Rc4 45. Re1+ Re4 46. Ra1 h4+ 47. Kh3 g5 48. Rg1 Kf5 49. Rf1+ Rf4 50. Rd1 d4 51. Rd3 Ke4 52. Rb3 Rf3+ 0-1